| 000 | 01051nam a22002057a 4500 | ||
|---|---|---|---|
| 999 |
_c59935 _d59935 |
||
| 003 | Ge_BSU | ||
| 005 | 20230518165840.0 | ||
| 008 | 230518s2006 ge ||||| |||| 00| 0 geo d | ||
| 020 | _a9994011340 | ||
| 041 | _ageo | ||
| 080 | _a930.2:003.071(=353.1) ს-50 | ||
| 100 |
_aსილოგავა, ვალერი _91878 |
||
| 245 |
_aსამეგრელო-აფხაზეთის ქართული ეპიგრაფიკა / _cვალერი სილოგავა; საქ. მეცნ. აკადემია; კ. კეკელიძის ხელნაწერთა ინ-ტი. |
||
| 264 |
_aთბილისი : _bარტანუჯი, _c2006. |
||
| 300 |
_a372გვ. : _bსურ. ; _c27სმ. |
||
| 501 | _aსაძიებლები: გვ. 345-369. სურათების სია: გვ. 342-345. | ||
| 504 | _aბიბლიოგრ.: გვ. 327-340. | ||
| 653 | _aქართული ეპიგრაფიკული ძეგლები | ||
| 942 |
_2udc _cBK |
||